[Event "GER-chT U12"]
[Site "Muenchen"]
[Date "2022.12.29"]
[Round "6"]
[White "Plath, Erik"]
[Black "Miede, Armin"]
[Result "0-1"]
[WhiteElo "927"]
[BlackElo "1079"]
[PlyCount "48"]
[EventDate "2022.12.26"]
[EventType "team-swiss"]
[EventRounds "7"]
[EventCountry "GER"]
[SourceTitle "CBM 212 Extra"]
[Source "ChessBase"]
[SourceDate "2023.03.31"]
[SourceVersion "1"]
[SourceVersionDate "2023.03.31"]
[SourceQuality "1"]
[WhiteTeam "Werder Bremen"]
[BlackTeam "Kirchheim/Teck"]
[WhiteTeamCountry "GER"]
[BlackTeamCountry "GER"]

1. e4 e5 2. Nf3 Nc6 3. c3 Bc5 4. d4 exd4 5. cxd4 Bb4+ 6. Nc3 Nf6 7. Bd3 d5 8. e5 Ne4 9. Bd2 Bg4 10. Nxe4 dxe4 11. Bxe4 Bxd2+ 12. Qxd2 Bxf3 13. Bxc6+ Bxc6 14. 0-0-0 Qd5 15. b3 0-0-0 16. g3 Rd7 17. Qg5 f6 18. Qf5 fxe5 19. dxe5 Qc5+ 20. Kb2 Rhd8 21. Qh5 Rd2+ 22. Rxd2 Rxd2+ 23. Kb1 Qc2+ 24. Ka1 Qxa2# 0-1

[Event "GER-chT U12"]
[Site "Muenchen"]
[Date "2022.12.28"]
[Round "3"]
[White "Miede, Armin"]
[Black "Li, Xiao Teng"]
[Result "1/2-1/2"]
[WhiteElo "1079"]
[BlackElo "1293"]
[PlyCount "127"]
[EventDate "2022.12.26"]
[EventType "team-swiss"]
[EventRounds "7"]
[EventCountry "GER"]
[SourceTitle "CBM 212 Extra"]
[Source "ChessBase"]
[SourceDate "2023.03.31"]
[SourceVersion "1"]
[SourceVersionDate "2023.03.31"]
[SourceQuality "1"]
[WhiteTeam "Kirchheim/Teck"]
[BlackTeam "Bad Homburg"]
[WhiteTeamCountry "GER"]
[BlackTeamCountry "GER"]

1. e4 e5 2. Nf3 Nc6 3. Bc4 Bc5 4. c3 Nf6 5. d3 0-0 6. Nbd2 d6 7. h3 a6 8. Bb3 h6 9. g4 Nh7 10. Nf1 Qf6 11. Ng3 Ng5 12. Nf5 Bxf5 13. exf5 Nh7 14. Be3 Rfe8 15. Bd5 Rab8 16. Qd2 Ne7 17. Bb3 Nc6 18. Bc2 Bxe3 19. fxe3 d5 20. 0-0-0 e4 21. Nd4 Nxd4 22. cxd4 Ng5 23. h4 Nf3 24. Qf2 b6 25. dxe4 dxe4 26. Bxe4 Rxe4 27. Qxf3 Rbe8 28. Rde1 Qc6+ 29. Kb1 Qc4 30. g5 Qd3+ 31. Ka1 Rxe3 32. Rxe3 Rxe3 33. Qa8+ Kh7 34. f6 Rf3 35. Rc1 Rf1 36. Qc6 Rxc1+ 37. Qxc1 Qxd4 38. a3 c5 39. gxh6 g6 40. Qf1 b5 41. h5 Kxh6 42. hxg6 Kxg6 43. Qg2+ Kxf6 44. Qh2 Qd1+ 45. Ka2 Qd5+ 46. Kb1 Qf5+ 47. Ka1 Qf1+ 48. Ka2 Qc4+ 49. Ka1 Qd4 50. Qh6+ Ke7 51. Qxa6 Qd1+ 52. Ka2 Qd5+ 53. Ka1 Qh1+ 54. Ka2 Qd5+ 55. Ka1 c4 56. Qa7+ Qd7 57. Qe3+ Kd8 58. Qb6+ Ke8 59. Qb8+ Ke7 60. Qe5+ Kf8 61. Qh8+ Ke7 62. Qe5+ Kd8 63. Qb8+ Qc8 64. Qxb5 1/2-1/2